Acidic proteins of the nucleus
Zapisane w:
| Główni autorzy: | , |
|---|---|
| Format: | Książka |
| Język: | angielski |
| Wydane: |
Nueva York
Academic
1974
|
| Seria: | Cell Biology
|
| Hasła przedmiotowe: | |
| Etykiety: |
Dodaj etykietę
Nie ma etykietki, Dołącz pierwszą etykiete!
|
MARC
| LEADER | 00000nam a2200000 a 4500 | ||
|---|---|---|---|
| 001 | UCT4102 | ||
| 003 | CL-VaPUC | ||
| 008 | 961108e19740000US |||||||||||||||||eng|d | ||
| 082 | 0 | 4 | |a 571.66 |b CAM |2 21 |
| 100 | 0 | |a Cameron, Ivan L |e author |9 373234 | |
| 700 | 0 | |a Jeter, James R |e author |9 373235 | |
| 245 | 1 | 0 | |a Acidic proteins of the nucleus |
| 300 | |a 343 p | ||
| 942 | |c BK | ||
| 945 | |d 19961108 00:00:00 |a paguirre | ||
| 260 | |a Nueva York |b Academic |c 1974 | ||
| 650 | 0 | |a Células |9 269548 | |
| 650 | 7 | |a NUCLEOPROTEINAS |2 CL-VaPUC |9 373236 | |
| 650 | 7 | |a PROTEINAS |2 CL-VaPUC |9 373237 | |
| 650 | 7 | |a NUCLEO CELULAR |2 CL-VaPUC |9 370183 | |
| 650 | 0 | |a Morfología celular |9 358386 | |
| 650 | 7 | |a HORMONAS |2 CL-VaPUC |9 269554 | |
| 583 | |a last modification |c 19961108 00:00:00 |k Rodrigo Vera | ||
| 490 | 0 | |a Cell Biology | |
| 999 | |c 253537 |d 253535 | ||
| 952 | |0 0 |1 0 |4 0 |6 571_660000000000000_CAM_1974 |7 0 |8 A |9 274437 |a BIBCUR |b BIBCUR |d 2019-11-19 |i 1786547 |l 1 |o 571.66 CAM 1974 |p 1786547 |r 2025-04-22 |s 2024-04-09 |w 2019-11-19 |y BK |k QUI | ||